Organic synthesis: State of the Art 2003 - 2005
সংরক্ষণ করুন:
| প্রধান লেখক: | |
|---|---|
| বিন্যাস: | গ্রন্থ |
| ভাষা: | Undetermined |
| প্রকাশিত: |
Hoboken, NJ
John Wiley & Sons, Inc.
2006
|
| বিষয়গুলি: | |
| ট্যাগগুলো: |
ট্যাগ যুক্ত করুন
কোনো ট্যাগ নেই, প্রথমজন হিসাবে ট্যাগ করুন!
|
| Thư viện lưu trữ: | Trung tâm Học liệu Trường Đại học Cần Thơ |
|---|
| LEADER | 00565nam a2200205Ia 4500 | ||
|---|---|---|---|
| 001 | CTU_123454 | ||
| 008 | 210402s9999 xx 000 0 und d | ||
| 020 | |c 1599000 | ||
| 082 | |a 547.2 | ||
| 082 | |b T113 | ||
| 100 | |a Taber, Douglass F. | ||
| 245 | 0 | |a Organic synthesis: State of the Art 2003 - 2005 | |
| 245 | 0 | |c Douglass F. Taber | |
| 260 | |a Hoboken, NJ | ||
| 260 | |b John Wiley & Sons, Inc. | ||
| 260 | |c 2006 | ||
| 650 | |a Organic compounds | ||
| 650 | |x Synthesis,Research. | ||
| 904 | |i Minh | ||
| 980 | |a Trung tâm Học liệu Trường Đại học Cần Thơ | ||